000
00328nam a22001457a 4500
008
180919b xxu||||| |||| 00| 0 eng d
020
_a
9781412987660
041
_a
eng
080
_a
37
082
_a
37
100
_a
25
101
_a
EDU
245
_a
Standards and Accountability in Schools
_c
Lasley,Th.J
942
_2
udc
_c
BK
999
_c
47989
_d
47989